000 00264 a2200109 4500
001 74357
082 _a629.42 DAL
090 _c39047
_d39047
100 _aDalay, D.H
245 _aElements of Aerospace Propulsion
_hEnglish
260 _aUSA
_bAero Dept USAF
_c1969
942 _aCAE NUST
_k629.42 DAL
999 _c309430
_d309430